Justin Bieber's songs of emojis - Statistics

General Stats
  • This quiz has been taken 104 times
  • The average score is 11 of 24
Answer Stats
Hint Answer % Correct
πŸ‘Ά Baby
96%
πŸ‘» Ghost
90%
πŸ‘πŸ‘ Peaches
87%
⬆️ Up
80%
❀️🫡 Love Yourself
66%
πŸ€”πŸ«΅πŸ€·β“ What Do You Mean?
65%
πŸ˜žπŸ™ Sorry
64%
πŸ˜‹πŸ• Yummy
64%
🌼🌼 Daisies
54%
☝️⏰ One Time
54%
☝️❀️ One Love
49%
β€οΈπŸ™‹β€β™‚οΈ Love Me
41%
πŸŒŽπŸ—ΊοΈ All Around the World
34%
πŸŽ’ Backpack
33%
πŸ’”πŸ™‹β€β™€οΈ Heartbreaker
33%
πŸ™‹β€β™‚οΈπŸ’˜ Boyfriend
29%
πŸŽοΈπŸ’¨πŸ˜ˆ Speed Demon
28%
πŸ«΅πŸ˜„ U Smile
27%
πŸšΆπŸ‘Ά Go Baby
19%
βœ‹πŸ§ Stay
19%
πŸ‘ΉπŸ‘Ί Monster
18%
β˜οΈπŸ’ƒπŸ•Ί First Dance
13%
πŸ™…β€β™‚οΈπŸšΆ Don't Go
11%
β¬†οΈπŸŒ™πŸŒƒ Up At Night
7%
No matching quizzes found
Score Distribution
Percent of People with Each Score
Percentile by Number Answered
Your Score History
You have not taken this quiz